000 00771nam a2200205 4500
001 140188
003 ES-MaACL
005 20230906200028.0
007 t|
008 070214s1969 sp r ||||1| spa d
100 1 _aSchultz, Theodore W.
_9104779
245 1 3 _aLa crisis económica de la agricultura
_b: con un apéndice sobre la teoría del crecimiento económico y la rentabilidad de la apicultura en América Latina /
_cTheodore W. Schultz ; versión de José Vergara.
260 _aMadrid :
_bAlianza,
_c1969.
300 _a200 p. ;
_c19 cm.
490 1 _aBiblioteca de la ciencia económica
700 1 _aVergara, José.
_9114083
830 0 _aBiblioteca de la ciencia económica
_9182033
852 _aES-MaACL
_jC-35836
_bR.69628
999 _c140188
_d140188